Purén indómito. Poema por el Capitán Fernando Alvarez de Toledo. Publicado bajo la dirección de Don Diego Barros Arana
Guardat en:
| Autor principal: | |
|---|---|
| Format: | Llibre |
| Idioma: | espanyol |
| Publicat: |
Leipzig
A. Frank'sche
1862
|
| Edició: | 1a. ed |
| Col·lecció: | Biblioteca Americana: Colección de obras inéditas o raras sobre América
|
| Matèries: | |
| Etiquetes: |
Afegir etiqueta
Sense etiquetes, Sigues el primer a etiquetar aquest registre!
|
MARC
| LEADER | 00000nam a2200000 a 4500 | ||
|---|---|---|---|
| 001 | UCJ3578 | ||
| 003 | CL-VaPUC | ||
| 008 | 070124e18620000GW |||||||||||||||||spa|d | ||
| 082 | 0 | 4 | |a Ch861 |b ALV |2 21 |
| 100 | 0 | |a Alvarez de Toledo, Fernando |e author |9 505555 | |
| 245 | 1 | 0 | |a Purén indómito. Poema por el Capitán Fernando Alvarez de Toledo. Publicado bajo la dirección de Don Diego Barros Arana |
| 250 | |a 1a. ed | ||
| 300 | |a 488 p | ||
| 942 | |c BK | ||
| 945 | |d 20070124 00:00:00 |a rinostro | ||
| 260 | |a Leipzig |b A. Frank'sche |c 1862 | ||
| 600 | 0 | |a Barros Arana, Diego |9 316241 | |
| 650 | 0 | |a Poesía épica |9 269163 | |
| 650 | 0 | |a Guerra de Arauco |9 267618 | |
| 650 | 0 | |a Etnografía |9 309735 | |
| 650 | 0 | |a Crítica literaria |9 269189 | |
| 650 | 7 | |a LIBRO RARO |2 CL-VaPUC |9 504169 | |
| 650 | 7 | |a CRITICA HISTORICA |2 CL-VaPUC |9 505556 | |
| 650 | 7 | |a DOCUMENTOS |2 CL-VaPUC |9 366450 | |
| 583 | |a last modification |c 20070124 00:00:00 |k Rodrigo Vera | ||
| 490 | 0 | |a Biblioteca Americana: Colección de obras inéditas o raras sobre América | |
| 999 | |c 319700 |d 319698 | ||
| 952 | |0 0 |1 0 |4 0 |6 CH_861_000000000000000_ALV_1862 |7 0 |8 X |9 398063 |a FDOBUD |b FDOBUD |d 2019-11-22 |i 1002813 |o Ch861 ALV 1862 |p 1002813 |r 2019-11-22 |w 2019-11-22 |y BK_X |k BUD | ||